000 00781cam a22002293a 4500
001 30000
003 PGUSA
005 20140828083640.0
008 090915s2009||||xxu|||||s|||||000 | eng d
040 _aPGUSA
_beng
042 _adc
050 4 _aQL
100 1 _aReed, Chester A.
_q(Chester Albert),
_d1876-1912
245 1 4 _aThe Bird Book :
_bIllustrating in natural colors more than seven hundred North American birds; also several hundred photographs of their nests and eggs.
_h[electronic resource] /
_cChester A. Reed
260 _bProject Gutenberg,
_c2009
506 _aPublic domain in the USA.
516 _aElectronic text
653 _aBirds -- North America
830 0 _aProject Gutenberg
_v30000
856 4 0 _uhttp://www.gutenberg.org/ebooks/30000
942 _cEB
999 _c259255
_d259255